| 000 | 00881nam a2200217Ia 4500 | ||
|---|---|---|---|
| 001 | 432 | ||
| 003 | GE_BSU | ||
| 008 | 181216s||||||||xx |||||||||||||| ||und|| | ||
| 020 | _a9789941173301 | ||
| 040 | _cGE_BSU | ||
| 080 | _a32(470+39(479.224)) | ||
| 245 | _aრუსიფიკატორული პოლიტიკა და ეთნოლინგვისტური ვითარება აფხაზეთში XIX-XX ს.ს. | ||
| 245 | _cრედ. ესათია ლევან | ||
| 260 | _aთბილისი | ||
| 260 | _bუნივერსალი | ||
| 260 | _c2011 | ||
| 300 | _a90 გვ. | ||
| 541 | _h3 ლ. | ||
| 653 | _aრუსიფიკატორული პოლიტიკა და ეთნოლინგვისტური ვითარება აფხაზეთში XIX-XX ს.ს. | ||
| 942 | _cBK | ||
| 999 |
_c34656 _d34656 |
||